CIMA practice & revision kit: managerial paper P2: management accounting - decission management for exams in 2005 (Record no. 37396)
[ view plain ]
| 000 -LEADER | |
|---|---|
| fixed length control field | 00833nam a2200169 a 4500 |
| 008 - FIXED-LENGTH DATA ELEMENTS--GENERAL INFORMATION | |
| fixed length control field | 130924s2005 ||||||||||||||||| || u |
| 020 ## - INTERNATIONAL STANDARD BOOK NUMBER | |
| International Standard Book Number | 9780751719765 |
| 050 ## - LIBRARY OF CONGRESS CALL NUMBER | |
| Classification number | HF 5661 Cha |
| 110 ## - MAIN ENTRY--CORPORATE NAME | |
| Corporate name or jurisdiction name as entry element | Chartered Institute of Management Accountants (CIMA) |
| 245 10 - TITLE STATEMENT | |
| Title | CIMA practice & revision kit: managerial paper P2: management accounting - decission management for exams in 2005 |
| Statement of responsibility, etc. | by Chartered Institute of Management Accountants |
| 260 ## - PUBLICATION, DISTRIBUTION, ETC. | |
| Place of publication, distribution, etc. | London: |
| Date of publication, distribution, etc. | 2005 |
| 300 ## - PHYSICAL DESCRIPTION | |
| Extent | xi, 382p.: ill. |
| 650 ## - SUBJECT ADDED ENTRY--TOPICAL TERM | |
| Topical term or geographic name entry element | MANAGERIAL ACCOUNTING--EXAMINATIONS, QUESTIONS, ETC |
| 650 ## - SUBJECT ADDED ENTRY--TOPICAL TERM | |
| Topical term or geographic name entry element | DECISION MAKING--EXAMINATIONS, QUESTIONS, ETC |
| 650 ## - SUBJECT ADDED ENTRY--TOPICAL TERM | |
| Topical term or geographic name entry element | CHARTERED INSTITUTE MANAGEMENT ACCOUNTANTS--EXAMINATIONS--STUDY GUIDES |
| 995 ## - RECOMMENDATION 995 [LOCAL, UNIMARC FRANCE] | |
| -- | CBU-MAIN LIBRARY (Kitwe) |
| -- | 1 |
| -- | AVAILABLE |
| -- | Sep 26, 2013 |
| -- | Short Loan Collection |
| Withdrawn status | Lost status | Source of classification or shelving scheme | Damaged status | Not for loan | Home library | Current library | Shelving location | Date acquired | Total Checkouts | Full call number | Barcode | Date last seen | Date last checked out | Price effective from | Koha item type |
|---|---|---|---|---|---|---|---|---|---|---|---|---|---|---|---|
| CBU-MAIN LIBRARY, KITWE. | CBU-MAIN LIBRARY, KITWE. | 11/30/2022 | 1 | HF 5661 Cha | 744568 | 12/14/2022 | 12/14/2022 | 11/30/2022 | MONOGRAPH |